| 000 | 00802nam a2200217Ii 4500 | ||
|---|---|---|---|
| 003 | JO-AjNU | ||
| 008 | 230605s9999||||xx |||||||||||||| ||und|| | ||
| 017 | _a1981/980 | ||
| 040 |
_aJO-AjNU _bara _erda _cJO-AjNU |
||
| 041 | _aara | ||
| 050 | 1 | 4 | _aPN1993.5.F55 1981 |
| 100 | 3 |
_aتأليف فيرغسن،روبرت ؛ ترجمة مجيد ياسين, _eauthor _98826 |
|
| 245 | 0 | 0 | _aفريق العمل السينمائي ( مرشد للعمل داخل الأستديو ) |
| 264 | 3 | 1 | _aبغداد: دار الرشيد، 1981 |
| 300 | _a144ص | ||
| 336 |
_atext _btxt _2rdacontent |
||
| 337 |
_aunmediated _bn _2rdamedia |
||
| 338 |
_avolume _bnc _2rdacarrier |
||
| 490 | 0 | _aسلسلة الكتب الفنية (46) | |
| 650 | 4 |
_aالسينما - فريق عمل - مرشد داخل الأستديو _98827 |
|
| 999 |
_aA986 _c4554 _d4554 |
||